skbl

Dr Suryya Kumar Bhuyan Library Web-OPAC
ডঃ সূৰ্য্য
কুমাৰ ভূঞা পুথিভঁৰাল ৱেব-অ'পেক

All Research Scholars are advised to clear the annual library fees to continue using Library Resources, Remote Access, Plagiarism Test and Library Clearance.

Cotton University Book Fair 2026

Rabijibani / (Record no. 40027)

MARC details
000 -LEADER
fixed length control field 00890nam a2200349Ia 4500
001 - CONTROL NUMBER
control field 40055
005 - DATE AND TIME OF LATEST TRANSACTION
control field 20240114003324.0
007 - PHYSICAL DESCRIPTION FIXED FIELD--GENERAL INFORMATION
fixed length control field ta
008 - FIXED-LENGTH DATA ELEMENTS--GENERAL INFORMATION
fixed length control field 070927s395 g b000 u 346 u
040 ## - CATALOGING SOURCE
Original cataloging agency Cotton College,Assam
041 ## - LANGUAGE CODE
Language code of text/sound track or separate title 346
082 ## - DEWEY DECIMAL CLASSIFICATION NUMBER
Classification number 928
Item number Pa 127 Ra
100 ## - MAIN ENTRY--PERSONAL NAME
Personal name Pal, Prasanta Kumar .
245 #0 - TITLE STATEMENT
Title Rabijibani /
Statement of responsibility, etc. Prasanta Kumar Pal.
Medium Textual Documents
250 ## - EDITION STATEMENT
Edition statement 1st ed. /
260 ## - PUBLICATION, DISTRIBUTION, ETC.
Place of publication, distribution, etc. Calcutta :
Name of publisher, distributor, etc. Ananda Publishers Pvt.Ltd ,
Date of publication, distribution, etc. 1395 Bangab.
300 ## - PHYSICAL DESCRIPTION
Extent 9v.;349p. ;
Dimensions 24cm.
362 ## - DATES OF PUBLICATION AND/OR SEQUENTIAL DESIGNATION
Dates of publication and/or sequential designation Vol. IV-
653 ## - INDEX TERM--UNCONTROLLED
Uncontrolled term Biography-Rabindranath Thakur
653 ## - INDEX TERM--UNCONTROLLED
Uncontrolled term G-Biography
942 ## - ADDED ENTRY ELEMENTS (KOHA)
Source of classification or shelving scheme Dewey Decimal Classification
Koha item type Books
Holdings
Withdrawn status Lost status Damaged status Not for loan Collection Home library Current library Date acquired Coded location qualifier Total checkouts Full call number Barcode Date last seen Copy number Price effective from Koha item type
          Dr. Suryya Kumar Bhuyan Library Dr. Suryya Kumar Bhuyan Library 01/02/2012 00000   928 Pa 127 Ra 1917/Beng 14/01/2024 6 01/02/2012 Books
          Dr. Suryya Kumar Bhuyan Library Dr. Suryya Kumar Bhuyan Library 01/02/2012 00000   928 Pa 127 Ra 1909/Beng 14/01/2024 7 01/02/2012 Books
          Dr. Suryya Kumar Bhuyan Library Dr. Suryya Kumar Bhuyan Library 01/02/2012 00000   928 Pa 127 Ra 1910/Beng 14/01/2024 8 01/02/2012 Books
          Dr. Suryya Kumar Bhuyan Library Dr. Suryya Kumar Bhuyan Library 01/02/2012 00000   928 Pa 127 Ra 1911/Beng 14/01/2024 9 01/02/2012 Books
          Dr. Suryya Kumar Bhuyan Library Dr. Suryya Kumar Bhuyan Library 01/02/2012 00000   928 Pa 127 Ra 1912/Beng 14/01/2024 1 01/02/2012 Books
          Dr. Suryya Kumar Bhuyan Library Dr. Suryya Kumar Bhuyan Library 01/02/2012 00000   928 Pa 127 Ra 1913/Beng 14/01/2024 2 01/02/2012 Books
          Dr. Suryya Kumar Bhuyan Library Dr. Suryya Kumar Bhuyan Library 01/02/2012 00000   928 Pa 127 Ra 1914/Beng 14/01/2024 3 01/02/2012 Books
          Dr. Suryya Kumar Bhuyan Library Dr. Suryya Kumar Bhuyan Library 01/02/2012 00000   928 Pa 127 Ra 1915/Beng 14/01/2024 4 01/02/2012 Books
          Dr. Suryya Kumar Bhuyan Library Dr. Suryya Kumar Bhuyan Library 01/02/2012 00000   928 Pa 127 Ra 1916/Beng 14/01/2024 5 01/02/2012 Books

Designed and Maintained by Team SKBL
©1901-2026

Powered by Koha